000 00808nam a2200241 a 4500
001 000047479
003 DO-SdBNP
005 20211105135504.0
007 ta
008 180606s2017 dr er 000 dspa d
020 _a9789945131956
040 _aDO-SdBNP
_bspa
_cBNPHU
082 4 _222
_bR696e
100 1 _973210
_aRodríguez Almaguer, Carlos,
_d1971-
245 1 3 _aEl ángel y la bestia :
_bconstruyendo al humano /
_cC R Almaguer ; edición , diagramación y diseño Danay Delgado López
260 _aSanto Domingo :
_bMediabyte,
_c2017.
300 _a135 p. ;
_c19 cm.
500 _aIncluye datos biográficos del autor en la contracubierta
590 _aInventariado, 2021/MF / BT
700 1 _aDelgado López, Danay,
_978780
_4ed. , diagr. y diseño,
910 _aMféliz
942 _2ddc
_cLBS1
999 _c46967
_d46967